01715nam a22004217a 4500003000500000005001700005008004100022010001000063011001000073035001000083040000900093090001000102100004000112245010000152260004000252300002200292502007500314590003700389590004100426590004100467590004100508590004100549590004100590590004200631650003200673650003700705650004300742650004000785650003000825700004600855901000700901942000900908949004300917949005500960999001701015952013301032952012801165CHAP20220329141029.0971013s1996 r 00010 d a61547 a62519 a66693 cCHAP aTesis00aLuna Lechuga, Julio César.969073 aUtilización de heno de alfalfa en dietas para cerdos en crecimiento para reducir grasa dorsal aChapingo, Méx. :bEl autor,c1996 a53 h.b: gráfs. aTesis (Ing. Agr. Esp. en Zootecnia) -- UACH. Departamento de Zootecnia aALEPHb10c20130110lUCH01h1343 aBATCH-UPDb10c20130110lUCH01h0201 aBATCH-UPDb10c20130110lUCH01h0750 aBATCH-UPDb10c20130409lUCH01h2210 aBATCH-UPDb10c20130410lUCH01h0824 aBATCH-UPDb10c20130914lUCH01h0252 aCONVERSIONb10c20130109lUCH01h133314aAlfalfa como forraje.9389914aCarne de puerco en canal.91918814aGanado porcinoxAlimentación.94532914aGanado porcinoxCrecimiento.94534914aHeno como forraje.9536220 aMéndez Alarcón, Gonzalo Noé.976460 aBK cFOLL bBCcTESd-151916eTS1h30612i66693si bBCcTESd33724000625158eTS2fc.2h30613i66693si c61547d61547 00102local4053708TESISaBCbBCcPA_TESISd2019-12-31fTESISl0p33724000625158r2019-12-31 00:00:00tc.2w2019-12-31yTESIS 00102local4051708TESISaBCbBCcPA_TESISd2019-12-31fTESISl0oTesisp-151916r2019-12-31 00:00:00w2019-12-31yTESIS